000 00300nam a22001337a 4500
008 170828b xxu||||| |||| 00| 0 eng d
020 _a175127869012008000421010
041 _aeng
080 _a070
100 _a070
101 _aMED
245 _aJOURNALISM PRACTICE
_cJONES.R
942 _2udc
_cBK
999 _c25150
_d25150